| 000 | 01499pam a2200325 a 4500 | ||
|---|---|---|---|
| 001 | 951139 | ||
| 003 | NUST - PNEC | ||
| 005 | 20170116180756.0 | ||
| 008 | 840329r19841928enk b 001 0beng | ||
| 010 | _a 84007655 | ||
| 020 | _a052126779X | ||
| 020 | _a0521318637 (pbk.) | ||
| 040 |
_aDLC _cLIBRARY _dDLC |
||
| 050 | 0 | 0 |
_aBP80.R3 _bS6 1984 |
| 082 | 0 | 0 |
_a297.409 SMI _aB _219 |
| 100 | 1 |
_aSmith, Margaret, _d1884-1970. |
|
| 245 | 1 | 0 |
_aRabica the mystic & her fellow-saints in Islam: being the life and teachings of Rābiʻa al-ʻAdawiyya Al-Qaysiyya of Bașra together with some account of the place of the women saints in Islām / _bbeing the life and teachings of Rābiʻa al-ʻAdawiyya Al-Qaysiyya of Bașra together with some account of the place of the women saints in Islām / _cby Margaret Smith ; with a new introduction by Annemarie Schimmel. |
| 260 |
_aCambridge [Cambridgeshire] ; _aNew York : _bCambridge University Press, _c1984. |
||
| 300 |
_axxxv, 219 p. ; _c23 cm. |
||
| 500 | _aOriginally published: London : Cambridge University Press, 1928. | ||
| 500 | _aIncludes indexes. | ||
| 504 | _aBibliography: p. [205]-209. | ||
| 600 | 0 | 0 |
_aRābiʻah al-ʻAdawīyah, _d-801? |
| 650 | 0 |
_aSufism. _xIslam |
|
| 650 | 0 |
_aSufis _xBiography. |
|
| 740 | 0 | _aRābiʻa the mystic and her fellow-saints in Islām. | |
| 856 | 4 | 2 |
_3Publisher description _uhttp://www.loc.gov/catdir/description/cam031/84007655.html |
| 906 |
_a7 _bcbc _corignew _d1 _eocip _f19 _gy-gencatlg |
||
| 942 |
_2ddc _cBK |
||
| 999 |
_c62748 _d62748 |
||